| 000 | 00713pam a2200241 a 4500 | ||
|---|---|---|---|
| 001 | 3524434 | ||
| 005 | 20250506160734.0 | ||
| 008 | 960419s1996 enka b 001 0 eng | ||
| 020 | _a0077092627 (pbk : alk. paper) | ||
| 050 | 0 | 0 |
_aHF5415 _b.P234 1996 |
| 082 | 0 | 0 |
_a658.8 _220 |
| 100 | 1 | _aPalmer, Adrian. | |
| 245 | 1 | 4 |
_aThe business and marketing environment / _cAdrian Palmer and Bob Hartley. |
| 250 | _a2nd ed. | ||
| 260 |
_aLondon ; _aNew York : _bMcGraw-Hill, _cc1996. |
||
| 300 |
_axiii, 340 p. : _bill. ; _c25 cm. |
||
| 650 | 0 | _aMarketing. | |
| 650 | 0 | _aExport marketing. | |
| 650 | 0 | _aOrganizational effectiveness. | |
| 650 | 0 | _aMarketing research. | |
| 700 | 1 | _aHartley, Bob. | |
| 942 |
_2lcc _cBK _n0 |
||
| 999 |
_c5681 _d5681 |
||